000 00440nab a2200145Ia 4500
003 ES-SlBCS
005 20210601125242.0
008 140529s1980 xxu||||| |||| 00| 0 eng d
041 _aeng
100 1 _aJones, Gary E.
_9155993
245 0 0 _aSartre, Consciousness, and Responsibility
_c Gary E. Jones
600 1 4 _aSartre
_9126058
773 0 _tPhilosophy and Phenomenological Research
_gvol. 41, 1980, págs. 234-237
_wRev1411
942 _cAR
999 _c527281
_d527281